| 000 | 00770nam a2200265 a 4500 | ||
|---|---|---|---|
| 008 | |||
| 020 | _a0138506450 (pbk.) | ||
| 049 | _aMAIN | ||
| 090 |
_aHF1017 _bNEW |
||
| 100 | 1 | 0 | _aNewbold, Paul. |
| 245 | 1 | 0 |
_aStatistics for business and economics / _cPaul Newbold. |
| 250 | _a3rd ed. | ||
| 260 | 0 |
_aEnglewood Cliffs, N.J. : _bPrentice Hall, _cc1991. |
|
| 300 |
_axiv, 928 p. ; _c26 cm. |
||
| 504 | _aIncludes bibliographical references. | ||
| 500 | _aIncludes index. | ||
| 650 | 0 | _aCommercial statistics. | |
| 650 | 0 |
_aEconomics _xStatistical methods. |
|
| 650 | 0 | _aStatistics. | |
| 907 |
_a.b10084551 _b27-04-10 _c24-07-03 |
||
| 003 | |||
| 005 | 20230123133352.0 | ||
| 040 | _cNUST | ||
| 942 |
_cBOOKS _kHF1017 _mNEW |
||
| 999 |
_c147406 _d147406 |
||